Thế giới nhân vật trong tác phẩm Kính Vạn Hoa của Nguyễn Nhật Ánh : Luận văn thạc sĩ. Chuyên ngành: Văn học Việt Nam

Thực hiện đề tài "Thế giới nhân vật trong tác phẩm Kính Vạn Hoa của Nguyễn Nhật Ánh", ngưòi viết hi vọng hướng đến một cách nhìn khoái quát về tác phẩm. Qua đó, người viết cũng hi vọng có thể khẳng định, đánh giá một cách kha...

Volledige beschrijving

Bewaard in:
Bibliografische gegevens
Hoofdauteur: Lê, Thu Hồng Nga
Formaat: Boek
Taal:Undetermined
Gepubliceerd in: Cần Thơ Đại Học Cần Thơ 2013
Onderwerpen:
Tags: Voeg label toe
Geen labels, Wees de eerste die dit record labelt!
Thư viện lưu trữ: Trung tâm Học liệu Trường Đại học Cần Thơ
LEADER 01857nam a2200229Ia 4500
001 CTU_184414
008 210402s9999 xx 000 0 und d
082 |a 895.9223 
082 |b Ng100 
088 |a 60220121 
100 |a Lê, Thu Hồng Nga 
245 0 |a Thế giới nhân vật trong tác phẩm Kính Vạn Hoa của Nguyễn Nhật Ánh : 
245 0 |b Luận văn thạc sĩ. Chuyên ngành: Văn học Việt Nam 
245 0 |c Lê Thu Hồng Nga ; Tào Văn Ân hướng dẫn 
260 |a Cần Thơ 
260 |b Đại Học Cần Thơ 
260 |c 2013 
520 |a Thực hiện đề tài "Thế giới nhân vật trong tác phẩm Kính Vạn Hoa của Nguyễn Nhật Ánh", ngưòi viết hi vọng hướng đến một cách nhìn khoái quát về tác phẩm. Qua đó, người viết cũng hi vọng có thể khẳng định, đánh giá một cách khách quan, khoa học những đóng góp của Nguyễn Nhật Ánh trước hết và chủ yếu về thế giới nhân vật trong các tác phẩm của tác giả nói chung và trong Kính Vạn Hoa nói riêng, nơi thể hiện quan niệm của nghệ thuật và lí tưởng thẩm mỹ của nhà văn về con người. Đồng thời, người viết muốn khẳng định một tài năng, một tâm hồn " mãi mãi ở tuổi mười lăm " với những đóng góp không nhỏ cho văn học thiếu nhi. 
650 |a Văn học Việt Nam,Vietnamese literature 
650 |x Lịch sử và phê bình,history and criticism 
904 |i Kim Thị Ngọc Yến 
980 |a Trung tâm Học liệu Trường Đại học Cần Thơ